000 01009nam a2200265 i 4500
005 20260625152549.0
008 260625s2024 my ab gr 000 0dmay d
020 _a9786299860358
_cRM49.00
_qpaperback
040 _aPPAK
_beng
_cPPAK
_erda
082 0 4 _223
_a158.1088297
090 0 0 _a158.1088297
_bIMR
_dG
100 0 _aImran Zaki,
_eauthor.
245 1 0 _aTuhan, akhirnya aku menyerah /
_cImran Zaki ; Editor: Wahyuni Busyra
264 1 _aPutrajaya :
_bTentang Kita Sdn Bhd,
_c[2024?]
300 _a176 pages :
_bcolour illustrations, maps ;
_c19 cm
336 _atext
_2rdacontent
337 _aunmediated
_2rdamedia
338 _avolume
_2rdacarrier
500 _aContains verses from the Qur'an and quotes from the Hadith.
650 1 0 _aMotivation (Psychology)
_xReligious aspects
_xIslam
650 2 0 _aSelf-actualization (Psychology)
_xReligious aspects
_xIslam
650 2 0 _aMuslims
_xConduct of life
700 0 _aWahyuni Busyra,
_eeditor.
942 _2ddc
_cB
999 _c204688
_d204688